| 000 | 00675cam a22002052 4500 | ||
|---|---|---|---|
| 001 | 0000002533 | ||
| 005 | 20151217155816.0 | ||
| 008 | 070413s xx 000 0 eng d | ||
| 040 |
_aKABU _cKABU |
||
| 050 | 0 |
_aDT351 _b.S7J33 |
|
| 100 | 1 |
_aJackson, Peggy Hervey. _@0000151916 |
|
| 245 | 1 | 0 |
_aMeteor out of Africa : _bHenry Morton Stanley's journey to find Livingstone, 1871. |
| 260 |
_aLondon : _bCassell, _c1962. |
||
| 300 | _axi, 369 p. | ||
| 651 | 0 |
_aAfrica, Central Sub-Saharan _xDesctription and travel. _@0000151917 |
|
| 700 | 1 |
_aStanley, Henry Morton. _@0000148657 |
|
| 908 | _a070413 | ||
| 950 | _@1 | ||
| 999 |
_c12712 _d12712 |
||